Špína /

Detektivní román odehrávající se během jediné noci. Rob čeká na svou milou Marii. Ta se ale domů stále ještě nevrátila. A zdá se, že se jen tak nevrátí.

Uloženo v:
Hlavní autor: Goffa, Martin, 1973- (Autor)
Médium: Kniha
Jazyk:Czech
Vydáno: Praha : Euromedia Group, 2025
Vydání:Vydání první
Témata:
Celkem bylo vypůjčeno:0x
Tagy:
Žádné tagy
LEADER 01707nam a2200385 i 4500
001 106296
003 CZ PrNK
005 20260512102554.0
007 ta
008 260128s2025 xr g 000 f cze
015 |a cnb003614112 
020 |a 9788028400750  |q (brožováno) 
040 |a ABG001  |b cze  |e rda 
072 7 |a 821.162.3-3  |x Česká próza  |2 Konspekt  |9 25 
080 |a 821.162.3-31  |2 MRF 
080 |a (0:82-312.4)  |2 MRF 
100 1 |a Goffa, Martin,  |d 1973-  |7 xx0165664  |4 aut  |9 21569 
245 1 0 |a Špína /  |c Martin Goffa 
250 |a Vydání první 
264 1 |a Praha :  |b Euromedia Group,  |c 2025 
300 |a 183 stran ;  |c 20 cm 
336 |a text  |b txt  |2 rdacontent 
337 |a bez média  |b n  |2 rdamedia 
338 |a svazek  |b nc  |2 rdacarrier 
500 |a Na obálce uvedeno nakladatelství: Kalibr 
520 2 |a Detektivní román odehrávající se během jediné noci. Rob čeká na svou milou Marii. Ta se ale domů stále ještě nevrátila. A zdá se, že se jen tak nevrátí.  |b Marii se totiž stalo něco zlého a on se nezastaví, dokud nezjistí pravdu. Za jakoukoli cenu. Tahle noc bude dlouhá a krvavá. Ne všichni, kdo viděli západ slunce, budou moct říct to samé o jeho východu. Nakladatelská anotace. Kráceno. 
655 7 |a české romány  |7 fd133974  |2 czenas  |9 54031 
655 7 |a detektivní romány  |7 fd132010  |2 czenas  |9 53536 
655 9 |a Czech fiction  |2 eczenas 
655 9 |a detective novels  |2 eczenas 
710 2 |a Kalibr (nakladatelství)  |7 ko20261289695  |4 pbl  |9 117203 
910 |a UOG502 
942 |2 ddc  |c KN 
999 |d 106296 
993 |0 0  |1 421180107021  |2 ddc  |4 0  |7 0  |9 99669  |b 0  |c 107021  |d 2026-05-12  |e 0  |f DOSP  |h 299.00  |i Koupě  |l DOSP  |r 2026-05-12  |t 6  |w 2026-05-12  |y KN  |z BELET  |n